Aim Trainer - Old Version - Statistics

General Stats
  • This quiz has been taken 101 times
  • The average score is 25 of 25
Answer Stats
Question Tile Select % Correct
Click the green squares as fast as you can!!! Yes
100%
Click the green squares as fast as you can!!! No
100%
Click the green squares as fast as you can!!! No
100%
Click the green squares as fast as you can!!! No
100%
Click the green squares as fast as you can!!! No
100%
Click the green squares as fast as you can!!! No
100%
Click the green squares as fast as you can!!! No
100%
Click the green squares as fast as you can!!! No
100%
Click the green squares as fast as you can!!! No
100%
Click the green squares as fast as you can!!! No
100%
Click the green squares as fast as you can!!! No
100%
Click the green squares as fast as you can!!! No
100%
Click the green squares as fast as you can!!! No
100%
Click the green squares as fast as you can!!! No
100%
Click the green squares as fast as you can!!! No
100%
Click the green squares as fast as you can!!! No
100%
Click the green squares as fast as you can!!! No
100%
Click the green squares as fast as you can!!! No
100%
Click the green squares as fast as you can!!! No
100%
Click the green squares as fast as you can!!! No
100%
Click the green squares as fast as you can!!! No
100%
Click the green squares as fast as you can!!! Yes
97%
Click the green squares as fast as you can!!! Yes
97%
Click the green squares as fast as you can!!! Yes
97%
Click the green squares as fast as you can!!! Yes
94%
No matching quizzes found
Score Distribution
Percent of People with Each Score
Percentile by Number Answered
Your Score History
You have not taken this quiz